<?xml version="1.0" encoding="UTF-8"?>
<record
    xmlns:xsi="http://www.w3.org/2001/XMLSchema-instance"
    xsi:schemaLocation="http://www.loc.gov/MARC21/slim http://www.loc.gov/standards/marcxml/schema/MARC21slim.xsd"
    xmlns="http://www.loc.gov/MARC21/slim">

  <leader>00742nam a22002177a 4500</leader>
  <controlfield tag="003">LK-CoMWRAF</controlfield>
  <controlfield tag="005">20231201120958.0</controlfield>
  <controlfield tag="008">230921b2009    |||||||| |||| 00| 0 eng d</controlfield>
  <datafield tag="020" ind1=" " ind2=" ">
    <subfield code="a">9789551656201</subfield>
  </datafield>
  <datafield tag="040" ind1=" " ind2=" ">
    <subfield code="a">LK-CoMWRAF</subfield>
    <subfield code="d">LK-CoMWRAF</subfield>
    <subfield code="e">LK-CoMWRAF</subfield>
  </datafield>
  <datafield tag="041" ind1=" " ind2=" ">
    <subfield code="a">sin</subfield>
  </datafield>
  <datafield tag="082" ind1=" " ind2=" ">
    <subfield code="a">297</subfield>
    <subfield code="b">MAW</subfield>
  </datafield>
  <datafield tag="245" ind1=" " ind2=" ">
    <subfield code="a">&#xDAF;&#xDD0;&#xDC0;&#xDD9;&#xDB1; &#xD85;&#xDB4;&#xDCF;&#xDBA;    </subfield>
  </datafield>
  <datafield tag="246" ind1=" " ind2=" ">
    <subfield code="a">Dawena apaaya</subfield>
  </datafield>
  <datafield tag="260" ind1=" " ind2=" ">
    <subfield code="a">&#xD9A;&#xDDC;&#xDC5;&#xDB9;  :</subfield>
    <subfield code="b">&#xDB8;&#xDC0;&#xDCA;&#xDBD;&#xDC0;&#xDD2; &#xD89;&#xDC4;&#xDCA;&#xDC3;&#xDCF;&#xDB1;&#xDCA;,</subfield>
    <subfield code="c">2009</subfield>
  </datafield>
  <datafield tag="650" ind1=" " ind2=" ">
    <subfield code="a">&#xDAF;&#xDD0;&#xDC0;&#xDD9;&#xDB1; &#xD85;&#xDB4;&#xDCF;&#xDBA;</subfield>
  </datafield>
  <datafield tag="700" ind1=" " ind2=" ">
    <subfield code="a">&#xDB8;&#xDC0;&#xDCA;&#xDBD;&#xDCF;&#xDB1;&#xDCF;, &#xD85;&#xDC2;&#xDCA;-&#xDC2;&#xDDA;&#xD9A;&#xDCA; &#xDB8;&#xDC0;&#xDCA;&#xDBD;&#xDC0;&#xDD2;</subfield>
    <subfield code="e">comp.</subfield>
  </datafield>
  <datafield tag="700" ind1=" " ind2=" ">
    <subfield code="a">&#xDBB;&#xDC2;&#xDCF;&#xDAF;&#xDD2;,  &#xD89;&#xDC4;&#xDCA;&#xDC3;&#xDCF;&#xDB1;&#xDCA;, </subfield>
    <subfield code="e">comp.</subfield>
  </datafield>
  <datafield tag="700" ind1=" " ind2=" ">
    <subfield code="a">&#xDB1;&#xDC0;&#xDD2;&#xDC2;&#xDCF;&#xDAF;&#xDCA;, &#xD91;&#xDB8;&#xDCA;. &#xD85;&#xDBA;&#xDD2;. &#xD91;&#xDB8;&#xDCA;. </subfield>
    <subfield code="e">trans.</subfield>
  </datafield>
  <datafield tag="942" ind1=" " ind2=" ">
    <subfield code="c">BK</subfield>
  </datafield>
  <datafield tag="952" ind1=" " ind2=" ">
    <subfield code="0">0</subfield>
    <subfield code="1">0</subfield>
    <subfield code="4">0</subfield>
    <subfield code="7">0</subfield>
    <subfield code="a">MAIN</subfield>
    <subfield code="b">MAIN</subfield>
    <subfield code="d">2023-09-21</subfield>
    <subfield code="l">0</subfield>
    <subfield code="o">297 MAW</subfield>
    <subfield code="p">RAF1234</subfield>
    <subfield code="r">2023-09-21</subfield>
    <subfield code="w">2023-09-21</subfield>
    <subfield code="y">BK</subfield>
  </datafield>
  <datafield tag="999" ind1=" " ind2=" ">
    <subfield code="c">3590</subfield>
    <subfield code="d">3590</subfield>
  </datafield>
</record>
